रामकुमार वर्मा नाटक रचनावली / (Record no. 122369)

MARC details
000 -LEADER
fixed length control field 01326nam a22002537a 4500
010 ## - LIBRARY OF CONGRESS CONTROL NUMBER
LC control number A-405925
020 ## - INTERNATIONAL STANDARD BOOK NUMBER
Terms of availability 600.00 (set)
International Standard Book Number 8170160359
035 ## - SYSTEM CONTROL NUMBER
System control number A-405925
037 ## - SOURCE OF ACQUISITION
Stock number Cen Lib / Ret
040 ## - CATALOGING SOURCE
Original cataloging agency DPL
Language of cataloging HN
082 ## - DEWEY DECIMAL CLASSIFICATION NUMBER
Classification number 822
Item number वर्मारा
245 ## - TITLE STATEMENT
Title रामकुमार वर्मा नाटक रचनावली /
Statement of responsibility, etc संपादक कमल किशोर गोयनका और चन्द्रिका प्रसाद शर्मा
246 ## - VARYING FORM OF TITLE
Title proper/short title Ramkumar Verma Natak rachnavali /
Remainder of title edited by Kamal Kishore Goyanka and Chandrika Parshad Sharma
260 ## - PUBLICATION, DISTRIBUTION, ETC. (IMPRINT)
Place of publication, distribution, etc नई दिल्ली
Name of publisher, distributor, etc किताबघर
Date of publication, distribution, etc 1990
270 ## - ADDRESS
Address 24/4866, शीलतारा हाउस, अंसारी रोड दरियागंज
City नई दिल्ली
Postal code 110002
300 ## - PHYSICAL DESCRIPTION
Extent 3 v. (v 2. 555p) ;
650 ## - SUBJECT ADDED ENTRY--TOPICAL TERM
Topical term or geographic name as entry element साहित्य--हिन्दी
650 ## - SUBJECT ADDED ENTRY--TOPICAL TERM
Topical term or geographic name as entry element साहित्य--हिन्दी--रामकुमार वर्मा-नाटक
650 ## - SUBJECT ADDED ENTRY--TOPICAL TERM
Topical term or geographic name as entry element Literature-- hindi-
650 ## - SUBJECT ADDED ENTRY--TOPICAL TERM
Topical term or geographic name as entry element Literature-- hindi--Darama Rajkumar Verma
700 ## - ADDED ENTRY--PERSONAL NAME
Personal name गोयनका, कमल किशोर
700 ## - ADDED ENTRY--PERSONAL NAME
Personal name शर्मा, चन्द्रिका प्रसाद
942 ## - ADDED ENTRY ELEMENTS (KOHA)
Source of classification or shelving scheme Dewey Decimal Classification
Koha item type English Books
Classification part 822
Call number suffix वर्मारा
Holdings
Withdrawn status Lost status Materials specified (bound volume or other part) Damaged status Not for loan Home library Current library Date acquired Source of acquisition Cost, normal purchase price Total Checkouts Full call number Barcode Date last seen Cost, replacement price Price effective from Koha item type
    v.2     Central Library Central Library 21/03/2016 Cen Lib/Ret 600.00   822 वर्मारा A-405925 21/03/2016 600.00 21/03/2016 Hindi Books

© Delhi Public Library
Hit Counter
free hit counter